000 01743nam2a2200265 4500
001 RU\NLR\BIBL_A\022578704
005 20250716163125.0
010 _a978-5-235-05235-2
_91000
021 _aRU
_bКН-П-25-027811
_9КН-П-25-2756
035 _a(NLR Aleph) 022578704
090 _a13448986
_c13448986
100 _a20250702d2025 k y0rusy50 ca
101 0 _arus
102 _aRU
105 _ay|||z|||000ay
200 1 _aТихий Дон
_eроман
_eв четырех книгах
_e[первое научное издание с полным сопоставлением всех прижизненных авт. текстов романа, а также найденных рукописей и автографов из архивов]
_hКн. 3
_fподготовка текста: Г. Н. Воронцова
_gредактор тома: А. М. Ушаков
210 _d2025
215 _a357, [2] с.
461 0 _1001RU\NLR\BIBL_A\022566777
_12001#$aСобрание сочинений$eв восьми томах$fМихаил Шолохов$gредакционная коллегия: член-кор. РАН Н. В. Корниенко (председатель) [и др.]$vТ. 3
_1700#1$aШолохов$bМ. А.$cписатель$f1905-1984$gМихаил Александрович$3RU\NLR\AUTH\7723650
702 1 _4220
_aВоронцова
_bГ. Н.
_cд-р филол. наук, англ. язык
_gГалина Николаевна
_9141474
_3RU\NLR\AUTH\770141510
702 1 _aУшаков
_bА. М.
_f1930-2018
_gАлександр Миронович
_4340
942 _cBOOK
980 _aNB